000 00259nam a2200109Ia 4500
008 220204s9999 xx 000 0 und d
082 _a82-3
_bHEY
100 _aHeyer, Georgette
245 4 _aThe Unfinished clue
260 _aLondon
_bBantam
_c1971
942 _cBK
999 _c29091
_d29091